000 00369nam a2200157Ia 4500
100 _aRay/Ajoy Kumar/ Acharya
650 _aInformation technology
942 _cBK
654 _aInformation Technology
245 _aInformation technology
260 _bPrentice Hall
_aNew Delhi
_c2004
082 _a5.74
_bRAY
300 _a602
546 _aENGLISH
999 _c20604
_d20604